书目信息 |
| 题名: |
当代西方学术前沿研究报告
|
|
| 作者: | 李惠斌 , 薛晓源 | |
| 分册: | ||
| 出版信息: | 上海 华东师范大学 2006 |
|
| 页数: | 553页 | |
| 开本: | 20cm | |
| 丛书名: | ||
| 单 册: | ||
| 中图分类: | C01 | |
| 科图分类: | ||
| 主题词: | 社会科学--科学研究--法令 , 社会科学--科学研究--方针政策 , 社会科学--科学研究--方针 , 社会科学--科学研究--政策 | |
| 电子资源: | ||
| ISBN: | 7-5617-4484-6 | |
| 000 | 00727nam0 2200229 450 | |
| 001 | 0753865015 | |
| 005 | 20070818145745.01 | |
| 010 | @a7-5617-4484-6@d¥48.00 | |
| 100 | @a20070818d km y0chiy0120 ea | |
| 101 | 0 | @achi |
| 200 | 1 | @a当代西方学术前沿研究报告@Adang dai xi fang xue shu qian yan yan jiu bao gao@f薛晓源,李惠斌@Fxue xiao yuan,li hui bin |
| 210 | @a上海@c华东师范大学@d2006 | |
| 215 | @a553页@d20cm | |
| 606 | 0 | @a社会科学@x科学研究@x法令 |
| 606 | 0 | @a社会科学@x科学研究@x方针政策 |
| 606 | 0 | @a社会科学@x科学研究@x方针 |
| 606 | 0 | @a社会科学@x科学研究@x政策 |
| 690 | @aC01@v3 | |
| 701 | 0 | @a李惠斌@Ali hui bin |
| 701 | 0 | @a薛晓源@Axue xiao yuan |
| 801 | 0 | @aCN@bPFT@c20070818 |
| 905 | @a213230@dC01@ee50@f1 | |
| 当代西方学术前沿研究报告/薛晓源,李惠斌.-上海:华东师范大学,2006 |
| 553页;20cm |
| ISBN 7-5617-4484-6:¥48.00 |
| ● |
| 相关链接 |
|
|
|
|
正题名:当代西方学术前沿研究报告
索取号:C01/e50
 
预约/预借
| 序号 | 登录号 | 条形码 | 馆藏地/架位号 | 状态 | 备注 |
| 1 | 6301449 | 263014491 | 教育系资料室/ [索取号:C01/e50] | 在馆 |